000 00628nam a2200229Ia 4500
003 AR-RoIUNI
005 20190614143745.0
008 150616s9999 xx 000 0 und d
020 _a9879051041
040 _cIUNIR
040 _dOCLC
_cIUNIR
080 _a616-053.2 PRO
245 1 _aPRONAP 95
_cSociedad Argentina de Pediatría
_bPrograma Nacional de Actualización Pediátrica
260 _aBuenos Aires
260 _bSociedad Argentina de Pediatría
260 _c1995
300 _apag. var.
300 _c28 cm.
500 _aEste programa consta de 4 módulos
650 1 0 _9125
_aPediatría
942 _cBK
_2cdu
999 _c4767
_d4767